| 000 | 00968pam a2200265 a 4500 | ||
|---|---|---|---|
| 999 |
_c128243 _d128243 |
||
| 001 | 4361604 | ||
| 003 | ARRUPE | ||
| 005 | 20180924115959.0 | ||
| 008 | 900102s1990 nyu b 001 0 eng | ||
| 010 | _a 90030043 | ||
| 020 | _a1557782016 | ||
| 040 |
_aDLC _cDLC _dDLC |
||
| 050 | 0 | 0 |
_aBD175 _b.I54 1990 |
| 082 | 0 | 0 |
_a142 _220 |
| 100 | 1 |
_aIngram, David, _d1952- _942462 |
|
| 245 | 1 | 0 |
_aCritical theory and philosophy / _cDavid Ingram. |
| 250 | _a1st ed. | ||
| 260 |
_aNew York, N.Y. : _bParagon House, _c1990. |
||
| 300 |
_axvii, 240 p. ; _c23 cm. |
||
| 440 | 0 |
_aParagon issues in philosophy _924039 |
|
| 650 | 0 |
_aCritical theory. _95606 |
|
| 856 | 4 | 2 |
_3Contributor biographical information _uhttp://www.loc.gov/catdir/enhancements/fy1115/90030043-b.html |
| 906 |
_a7 _bcbc _corignew _d1 _eocip _f19 _gy-gencatlg |
||
| 942 |
_2lcc _cMONOGRAPH |
||